000 00855nam a22002897a 4500
003 BUBTL
008 130507b xxu||||| |||| 00| 0 eng d
020 _a81-203-2355-6
024 _cAvailable
037 _cAvailable
040 _aMBSTU LIBRARY
_dMBSTU LIBRARY
082 _222
_a004.6 STD
100 _aStallings,William
_9578
110 _aZoran S. Bajkovic and Dragorad A. Milovanovic.
_92386
245 _aData and Computer Communications
250 _a9th
260 _aNew Delhi
_bPrentice Hall of India Private Ltd.
_cc2014
300 _a24 cm.
_b847 page
_f5
_g24 cm.
600 _aComputer communications.
_92387
650 _2Computer communications.
760 _b9th
856 _k0
_l0
_yDownload
270 _aNew Delhi
_bNew Delhi
_dIndia
365 _b502.00
_d502.00
942 _2ddc
_cBK
999 _c329
_d329